00390nam a2200121Ia 4500008004100000020002200041100002800063245007400091260003800165300002800203650002500231650001200256200909s9999 xx 000 0 und d a978-971-23-9605-2 aLansangan-Cruz, Zenaida cZenaida Lansangan-CruzaMacro perspective of tourism and hospitality/ aQuezon City:bREX Bookstorec2018 aviii, 213 pagesc25 cm. aHospitality industry aTourism